Bathymetric map : Gulf of Mexico, Lund /

Bibliographic Details
Corporate Author: United States. National Ocean Service
Format: Government Document Map
Language:English
Published: Washington, D.C. : U.S. Dept. of Commerce, National Oceanic and Atmospheric Administration, National Ocean Service, 1984.
Subjects:
Online Access:https://purl.fdlp.gov/GPO/LPS90596
WinZip ; tif.gz file, size 149MB

MARC

Tag First Indicator Second Indicator Subfields
LEADER 00000cem a2200000Ia 4500
001 in00002387113
005 20220106092148.0
006 m d f
007 aj canzn
007 cr cn|||||||||
008 080213s1984 dcuek bh a fs 1 eng d
034 1 |a a  |b 250000  |d W0900000  |e W0880000  |f N0270000  |g N0260000 
035 |a (OCoLC)ocn192007435 
040 |a GPO  |c GPO  |d GPO  |d MvI  |d UtOrBLW 
043 |a n-us-tx 
049 |a WWW 
052 |a 4032  |b C6 
052 |a 9112  |b M4 
074 |a 0191-B-17 (online) 
086 0 |a C 55.418/7:NOS NG 16-4 
110 1 |a United States.  |b National Ocean Service. 
245 1 0 |a Bathymetric map :  |b Gulf of Mexico, Lund /  |c National Ocean Service. 
246 1 |i Filing title:  |a Lund 
246 3 0 |a Gulf of Mexico, Lund 
255 |a Scale 1:250,000 ;  |b transverse Mercator proj.  |c (W 90⁰--W 88⁰/N 27⁰--N 26⁰). 
264 1 |a Washington, D.C. :  |b U.S. Dept. of Commerce, National Oceanic and Atmospheric Administration, National Ocean Service,  |c 1984. 
300 |a 1 map :  |b digital, PDF file. 
336 |a cartographic image  |b cri  |2 rdacontent 
337 |a computer  |b c  |2 rdamedia 
338 |a online resource  |b cr  |2 rdacarrier 
538 |a Mode of access: Internet from the NGDC NOAA web site. Address as of 2/13/08: http://www.ngdc.noaa.gov/mgg/bathymetry/maps/previews/NG%5F16-4.pdf ; current access via PURL. 
500 |a Depths shown by isolines and soundings. 
500 |a Title from title screen (viewed on Feb. 13, 2008). 
500 |a Includes evaluation of survey accuracy, depth gradient diagram, NOS survey index, and location diagram. 
500 |a "NOS NG 16-4." 
500 |a Electronic resource. 
650 0 |a Fishing  |z Texas  |v Maps. 
651 0 |a Gulf Coast (Tex.)  |v Bathymetric maps. 
776 0 |a United States. National Ocean Service.  |t Bathymetric map, Gulf of Mexico, Lund  |h 1 map  |w (OCoLC)80353616 
856 4 0 |u https://purl.fdlp.gov/GPO/LPS90596  |t 0 
856 4 0 |u https://purl.fdlp.gov/GPO/LPS103008  |z WinZip ; tif.gz file, size 149MB  |t 0 
999 |a MARS 
999 f f |s 040f69fe-843c-3ea4-bc66-b67a509f4981  |i bdd3ebdc-bde4-35dc-a0d4-78c87d09291b  |t 0 
952 f f |a Texas A&M University  |b College Station  |c Electronic Resources  |d Available Online  |t 0  |e C 55.418/7:NOS NG 16-4  |h Superintendent of Documents classification 
998 f f |a C 55.418/7:NOS NG 16-4  |t 0  |l Available Online